Oeuvres de Léonard de Vinci - Statistiques

Statistiques générales
  • Ce quiz a été pris 157 fois
  • Le résultat moyen est 5 sur 16
Statistiques - réponses
Par images Réponse % Correct
La Joconde
100%
La Cène
88%
Autoportrait
70%
L'homme de Vitruve
66%
La Dame à l'hermine
39%
Saint-Jean-Baptiste
37%
L'annonciation
34%
La Vierge aux rochers
15%
La belle ferronnière
14%
Saint-Jérôme
8%
Bacchus
7%
La Vierge, l'enfant Jésus et Sainte-Anne
6%
La madone à l'oeillet
4%
Portrait de Ginevra de Benci
4%
Portrait de musicien
2%
Madone Benois
0%
Aucun quiz correspondant
Distribution des résultats
% des personnes avec chaque résultat
Percentile par nombre de réponses
Votre historique - résultats
Vous n’avez pas pris ce quiz